[Event "USA tt"]
[Site "ICC INT"]
[Date "2015.10.13"]
[Round "8"]
[White "Edelman, Daniel"]
[Black "Stripunsky, Alexander"]
[Result "0-1"]
[WhiteElo "2383"]
[BlackElo "2560"]
[PlyCount "90"]
[EventDate "2015.08.25"]
[EventType "team-swiss"]
[EventRounds "10"]
[EventCountry "USA"]
[SourceTitle "EXT 2017"]
[Source "ChessBase"]
[SourceDate "2016.10.25"]
[SourceVersion "1"]
[SourceVersionDate "2016.10.25"]
[SourceQuality "1"]
[WhiteTeam "Connecticut"]
[BlackTeam "New Jersey"]
[WhiteTeamCountry "USA"]
[BlackTeamCountry "USA"]

1. e4 c5 2. Nf3 e6 3. d4 cxd4 4. Nxd4 a6 5. Nc3 b5 6. Bd3 Bc5 7. Nb3 Be7 8. 0-0 d6 9. Qf3 Bb7 10. Bd2 Nf6 11. Rae1 Nbd7 12. Qh3 Ne5 13. f4 Nxd3 14. cxd3 0-0 15. Re3 d5 16. e5 d4 17. exf6 Bxf6 18. Rg3 dxc3 19. Bxc3 Rc8 20. Qh6 Rxc3 21. bxc3 Bxc3 22. Kh1 Qd5 23. Qh4 Re8 24. Qg4 g6 25. d4 b4 26. Qe2 Bc6 27. Qe3 a5 28. Rg5 f5 29. Qg3 Kg7 30. Rd1 a4 31. Nc1 Qe4 32. h4 Qc2 33. Qd3 Qxd3 34. Nxd3 Bd5 35. Nc1 Rc8 36. Rg3 a3 37. Kh2 Be4 38. Ne2 Bb2 39. Re3 Bd5 40. h5 Bxa2 41. h6+ Kxh6 42. g4 fxg4 43. Kg3 Bd5 44. Kxg4 a2 45. Rh3+ Kg7 0-1

[Event "New York State-ch 120th"]
[Site "New York"]
[Date "1998.??.??"]
[Round "6"]
[White "Edelman, Daniel"]
[Black "Bonin, Jay R"]
[Result "1-0"]
[WhiteElo "2370"]
[BlackElo "2405"]
[PlyCount "65"]
[EventDate "1998.??.??"]
[EventType "swiss"]
[EventRounds "6"]
[EventCountry "USA"]
[SourceTitle "EXT 1999"]
[Source "ChessBase"]
[SourceDate "1998.11.16"]
[SourceVersion "1"]
[SourceVersionDate "1998.11.16"]
[SourceQuality "1"]

1. e4 e6 2. d4 d5 3. e5 c5 4. Nf3 cxd4 5. Qxd4 Nc6 6. Qg4 Nge7 7. Bd3 Ng6 8. Bxg6 hxg6 9. 0-0 Be7 10. a3 Bd7 11. Nc3 a6 12. Re1 Rc8 13. Ne2 g5 14. h4 Qc7 15. Bxg5 Nxe5 16. Nxe5 Qxe5 17. Nd4 Qd6 18. Bxe7 Qxe7 19. Nf5 Qf8 20. Qg3 Kd8 21. Nd6 Rc7 22. c4 Bc6 23. cxd5 exd5 24. Nf5 g6 25. Ne3 Qh6 26. Nxd5 Bxd5 27. Rad1 Qh5 28. Rd4 Kc8 29. Re5 Qh6 30. Rexd5 Qc1+ 31. Kh2 Qxb2 32. Qe5 f6 33. Rd8+ 1-0

[Event "Budapest FS12 IM"]
[Site "Budapest"]
[Date "1996.??.??"]
[Round "6"]
[White "Edelman, Daniel"]
[Black "Fancsy, Imre"]
[Result "1-0"]
[WhiteElo "2400"]
[BlackElo "2325"]
[PlyCount "85"]
[EventDate "1996.12.??"]
[EventType "tourn"]
[EventRounds "11"]
[EventCountry "HUN"]
[EventCategory "3"]
[SourceTitle "EXT 1998"]
[Source "ChessBase"]
[SourceDate "1997.11.17"]
[SourceVersion "1"]
[SourceVersionDate "1997.11.17"]
[SourceQuality "1"]

1. e4 c5 2. Nf3 e6 3. d4 cxd4 4. Nxd4 Nc6 5. Nc3 Qc7 6. f4 Nxd4 7. Qxd4 a6 8. Be3 b5 9. 0-0-0 Bb7 10. Bd3 Rc8 11. Kb1 d6 12. Rd2 Nf6 13. Rhd1 Be7 14. e5 dxe5 15. fxe5 Nd5 16. Ne4 0-0 17. Bg5 Rcd8 18. Bxe7 Nxe7 19. Nd6 Bd5 20. Qh4 g6 21. Be4 Nc6 22. Bxd5 exd5 23. Rxd5 Nxe5 24. Qd4 Nc6 25. Qf6 Qe7 26. Qc3 Na7 27. Re1 Qh4 28. a3 Rd7 29. Nf5 gxf5 30. Rxd7 Rc8 31. Qd2 Nc6 32. Rd1 h6 33. g3 Qh5 34. Rd6 Kh7 35. Qc3 Ne7 36. Qf6 Ng8 37. Qe5 Rc6 38. Rxc6 Qxd1+ 39. Ka2 b4 40. Qxf5+ Kg7 41. axb4 Ne7 42. Qf6+ Kg8 43. Rd6 1-0

[Event "Budapest FS12 IM"]
[Site "Budapest"]
[Date "1996.??.??"]
[Round "1"]
[White "Edelman, Daniel"]
[Black "Peredy, Ferenc"]
[Result "1/2-1/2"]
[WhiteElo "2400"]
[BlackElo "2305"]
[PlyCount "101"]
[EventDate "1996.12.??"]
[EventType "tourn"]
[EventRounds "11"]
[EventCountry "HUN"]
[EventCategory "3"]
[SourceTitle "EXT 1998"]
[Source "ChessBase"]
[SourceDate "1997.11.17"]
[SourceVersion "1"]
[SourceVersionDate "1997.11.17"]
[SourceQuality "1"]

1. e4 d5 2. exd5 Qxd5 3. Nc3 Qa5 4. d4 Nf6 5. Nf3 Bg4 6. h3 Bh5 7. Bd2 c6 8. Bc4 e6 9. Qe2 Bb4 10. g4 Bg6 11. 0-0-0 Nbd7 12. Ne5 Qc7 13. h4 Bxc3 14. Bxc3 Be4 15. g5 Bxh1 16. Nxf7 0-0 17. Rxh1 Rxf7 18. gxf6 Rxf6 19. Bxe6+ Kh8 20. d5 Rff8 21. h5 h6 22. Rg1 Nf6 23. Be5 Qe7 24. Qd3 cxd5 25. Qg6 Rg8 26. Bxf6 Qxf6 27. Qxf6 gxf6 28. Rxg8+ Rxg8 29. Bxg8 Kxg8 30. Kd2 Kf7 31. Ke3 Ke6 32. Kf4 f5 33. Ke3 Ke5 34. f4+ Kd6 35. Kd4 b6 36. c3 Ke6 37. Kd3 Kd6 38. Kd4 Ke6 39. a3 Kd6 40. a4 Ke6 41. a5 Kd6 42. axb6 axb6 43. b3 Ke6 44. c4 dxc4 45. Kxc4 Kd6 46. Kb5 Kd5 47. Kxb6 Ke4 48. b4 Kxf4 49. b5 Kg4 50. Kc5 f4 51. Kd4 1/2-1/2

[Event "Budapest FS12 IM"]
[Site "Budapest"]
[Date "1996.??.??"]
[Round "4"]
[White "Horvath, Adam"]
[Black "Edelman, Daniel"]
[Result "0-1"]
[WhiteElo "2250"]
[BlackElo "2400"]
[PlyCount "80"]
[EventDate "1996.12.??"]
[EventType "tourn"]
[EventRounds "11"]
[EventCountry "HUN"]
[EventCategory "3"]
[SourceTitle "EXT 1998"]
[Source "ChessBase"]
[SourceDate "1997.11.17"]
[SourceVersion "1"]
[SourceVersionDate "1997.11.17"]
[SourceQuality "1"]

1. e4 e6 2. d4 d5 3. Nc3 Bb4 4. e5 c5 5. a3 Bxc3+ 6. bxc3 Ne7 7. Nf3 Qa5 8. Bd2 Nbc6 9. a4 Bd7 10. Bb5 a6 11. Bd3 f6 12. c4 Qc7 13. cxd5 Nxd5 14. exf6 gxf6 15. c3 Nce7 16. 0-0 c4 17. Be4 0-0 18. Nh4 f5 19. Bf3 Kh8 20. Re1 b5 21. Re5 bxa4 22. Qc1 Rab8 23. Bh6 Rg8 24. Bxd5 Nxd5 25. Rxd5 exd5 26. Bf4 Qb6 27. Be5+ Rg7 28. g3 Re8 29. Rb1 Qe6 30. Rb7 Kg8 31. Ng2 Qc6 32. Rb1 Rge7 33. f4 Bc8 34. Ne3 Rb7 35. Ra1 Rb3 36. Qc2 a3 37. h3 Qg6 38. Qg2 Bb7 39. Nd1 Re6 40. g4 Reb6 0-1

[Event "New York"]
[Site "New York"]
[Date "1994.??.??"]
[Round "?"]
[White "Edelman, Daniel"]
[Black "Kaidanov, Gregory S"]
[Result "1-0"]
[WhiteElo "2415"]
[BlackElo "2645"]
[PlyCount "55"]
[EventDate "1994.??.??"]
[EventType "game"]
[EventRounds "1"]
[EventCountry "USA"]
[SourceTitle "EXT 2010"]
[Source "ChessBase"]
[SourceDate "2010.11.25"]
[SourceVersion "1"]
[SourceVersionDate "2010.11.25"]
[SourceQuality "1"]

1. e4 e5 2. Nf3 Nc6 3. d4 exd4 4. Bc4 Nf6 5. e5 Ne4 6. 0-0 d5 7. exd6 Nxd6 8. Bd5 Nf5 9. Re1+ Be7 10. Bxc6+ bxc6 11. g4 Nd6 12. Nxd4 Bd7 13. Qf3 0-0 14. Nxc6 Bxc6 15. Qxc6 Bh4 16. Bf4 f5 17. Nc3 Rb8 18. Re2 Rxb2 19. Rae1 fxg4 20. Nd5 Qb8 21. Nxc7 Rxf4 22. Qxd6 Bxf2+ 23. Kg2 Bxe1 24. Qxf4 Qb7+ 25. Kg1 Bf2+ 26. Kxf2 Qb6+ 27. Kg2 Qc6+ 28. Kg3 1-0

[Event "Sportland NRW-Cup"]
[Site "Muenster"]
[Date "1993.??.??"]
[Round "10"]
[White "Edelman, Daniel"]
[Black "Dao, Thien Hai"]
[Result "1/2-1/2"]
[WhiteElo "2415"]
[BlackElo "2565"]
[PlyCount "66"]
[EventDate "1993.12.26"]
[EventType "tourn"]
[EventRounds "11"]
[EventCountry "GER"]
[EventCategory "9"]
[SourceTitle "CBM 038 Extra"]
[Source "ChessBase"]
[SourceDate "1994.03.01"]
[SourceVersion "1"]
[SourceVersionDate "1994.03.01"]
[SourceQuality "1"]

1. e4 c5 2. Nf3 d6 3. d4 cxd4 4. Nxd4 Nf6 5. Nc3 a6 6. Be3 e5 7. Nf3 Qc7 8. a4 h6 9. Be2 Be7 10. 0-0 0-0 11. a5 Be6 12. Nd5 Nxd5 13. exd5 Bf5 14. c4 Nd7 15. b4 Bh7 16. Rc1 Rac8 17. Qb3 Kh8 18. Rfd1 f5 19. c5 f4 20. cxd6 Qxd6 21. Bc5 Nxc5 22. bxc5 Rxc5 23. Rxc5 Qxc5 24. Nxe5 Bh4 25. Rf1 Qe7 26. Nf3 Qxe2 27. Nxh4 Qb5 28. Qxb5 axb5 29. Rd1 b4 30. Rd4 Rd8 31. Rxb4 Rxd5 32. h3 g5 33. Nf3 Rxa5 1/2-1/2

[Event "Sportland NRW-Cup"]
[Site "Muenster"]
[Date "1993.??.??"]
[Round "6"]
[White "Edelman, Daniel"]
[Black "Kindermann, Stefan"]
[Result "1/2-1/2"]
[WhiteElo "2415"]
[BlackElo "2520"]
[PlyCount "96"]
[EventDate "1993.12.26"]
[EventType "tourn"]
[EventRounds "11"]
[EventCountry "GER"]
[EventCategory "9"]
[SourceTitle "CBM 038 Extra"]
[Source "ChessBase"]
[SourceDate "1994.03.01"]
[SourceVersion "1"]
[SourceVersionDate "1994.03.01"]
[SourceQuality "1"]

1. e4 e6 2. d4 d5 3. e5 c5 4. c3 Nc6 5. Nf3 Bd7 6. Be2 Nge7 7. 0-0 cxd4 8. cxd4 Nf5 9. Nc3 Rc8 10. g4 Nh4 11. Nxh4 Qxh4 12. Be3 f6 13. f4 Be7 14. Kg2 fxe5 15. fxe5 Rf8 16. Qd2 a6 17. h3 Rf7 18. Bd3 g6 19. Rxf7 Kxf7 20. Rf1+ Kg8 21. a3 Nd8 22. Ne2 Nf7 23. Ng1 Ng5 24. Bf2 Qh6 25. h4 Nf7 26. g5 Qg7 27. Re1 Nd8 28. Nf3 Nf7 29. Be3 Bf8 30. Nh2 h5 31. Rc1 Rxc1 32. Qxc1 Bc6 33. Nf3 Nd8 34. Bd2 Qf7 35. Ba5 Be7 36. Qc2 Kg7 37. Kg3 Bb5 38. Bxb5 axb5 39. Qc8 Nc6 40. Bb6 Bf8 41. b4 Ne7 42. Qd8 Nf5+ 43. Kh2 Be7 44. Qd7 Nxh4 45. Nxh4 Qf4+ 46. Kg1 Qe3+ 47. Kh2 Qf4+ 48. Kg1 Qe3+ 1/2-1/2

[Event "Sportland NRW-Cup"]
[Site "Muenster"]
[Date "1993.??.??"]
[Round "8"]
[White "Edelman, Daniel"]
[Black "Libeau, Rene"]
[Result "0-1"]
[WhiteElo "2415"]
[BlackElo "2425"]
[PlyCount "108"]
[EventDate "1993.12.26"]
[EventType "tourn"]
[EventRounds "11"]
[EventCountry "GER"]
[EventCategory "9"]
[SourceTitle "CBM 038 Extra"]
[Source "ChessBase"]
[SourceDate "1994.03.01"]
[SourceVersion "1"]
[SourceVersionDate "1994.03.01"]
[SourceQuality "1"]

1. e4 e6 2. d4 d5 3. e5 c5 4. c3 Nc6 5. Nf3 Nh6 6. Bd3 cxd4 7. cxd4 Nf5 8. Bxf5 exf5 9. Nc3 Be6 10. a3 Rc8 11. Qa4 Be7 12. h4 h6 13. b4 0-0 14. Ne2 Qb6 15. Bd2 a6 16. 0-0 Na7 17. Qb3 Rc4 18. Qe3 Rfc8 19. Qf4 Qd8 20. Ng3 Nb5 21. Rfd1 g5 22. hxg5 hxg5 23. Nxg5 Nxd4 24. Nxe6 fxe6 25. Qh6 Qf8 26. Qxf8+ Bxf8 27. Bg5 Bg7 28. f4 Nc2 29. Ra2 Rc3 30. Ne2 Rxa3 31. Rxa3 Nxa3 32. Nd4 Kf7 33. g4 fxg4 34. f5 exf5 35. e6+ Kg6 36. Bh4 Re8 37. e7 Bf6 38. Nxf5 Bxh4 39. Nxh4+ Kg5 40. Ng2 Rxe7 41. Rxd5+ Kf6 42. Rd4 Kf5 43. Kf2 Re4 44. Rd3 Nc2 45. b5 axb5 46. Rd7 b6 47. Rd6 Nd4 48. Rxb6 Re2+ 49. Kf1 Rb2 50. Rb8 g3 51. Rf8+ Ke5 52. Ne3 Ke4 53. Nd1 g2+ 54. Kg1 Rb1 0-1

[Event "New York Hudson"]
[Site "New York"]
[Date "1993.??.??"]
[Round "8"]
[White "Edelman, Daniel"]
[Black "Wojtkiewicz, Aleksander"]
[Result "1/2-1/2"]
[WhiteElo "2400"]
[BlackElo "2580"]
[PlyCount "99"]
[EventDate "1993.??.??"]
[EventType "tourn"]
[EventRounds "9"]
[EventCountry "USA"]
[EventCategory "13"]
[SourceTitle "CBM 035"]
[Source "ChessBase"]
[SourceDate "1993.08.01"]
[SourceVersion "1"]
[SourceVersionDate "1993.08.01"]
[SourceQuality "1"]

1. e4 c5 2. Nf3 d6 3. d4 cxd4 4. Nxd4 Nf6 5. Nc3 a6 6. Be3 e6 7. f3 b5 8. Qd2 Nbd7 9. g4 Nb6 10. a4 Nc4 11. Bxc4 bxc4 12. g5 Nd7 13. f4 Bb7 14. f5 Nc5 15. fxe6 fxe6 16. Qg2 g6 17. 0-0 Bg7 18. Rad1 Qe7 19. Qg4 Rf8 20. h4 Rf7 21. Nf3 Rc8 22. Bd4 Kf8 23. Bxg7+ Kxg7 24. Nh2 Rcf8 25. Rxf7+ Rxf7 26. Rf1 e5 27. Qe2 Rxf1+ 28. Nxf1 Qf7 29. Qg4 Bc6 30. Ne3 Nxa4 31. Nxa4 Bxa4 32. Qc8 Qa7 33. Kf2 Bxc2 34. Qxc4 Bb1 35. Ke2 Qb7 36. h5 Bxe4 37. h6+ Kf8 38. Ke1 d5 39. Qc5+ Ke8 40. Ng4 Kf7 41. Nxe5+ Ke6 42. Qf8 d4 43. Ng4 Bf5 44. Qe8+ Kd5 45. Nf6+ Kc4 46. Qa4+ Kc5 47. Qa3+ Kc4 48. Qa4+ Kc5 49. Qa3+ Kc4 50. Qa4+ 1/2-1/2

[Event "New York Hudson"]
[Site "New York"]
[Date "1993.??.??"]
[Round "3"]
[White "Sherzer, Alex"]
[Black "Edelman, Daniel"]
[Result "0-1"]
[WhiteElo "2465"]
[BlackElo "2400"]
[PlyCount "114"]
[EventDate "1993.??.??"]
[EventType "tourn"]
[EventRounds "9"]
[EventCountry "USA"]
[EventCategory "13"]
[SourceTitle "CBM 035"]
[Source "ChessBase"]
[SourceDate "1993.08.01"]
[SourceVersion "1"]
[SourceVersionDate "1993.08.01"]
[SourceQuality "1"]

1. e4 c5 2. Nf3 Nc6 3. d4 cxd4 4. Nxd4 g6 5. c4 Bg7 6. Be3 Nf6 7. Nc3 0-0 8. Be2 b6 9. 0-0 Bb7 10. f3 Rc8 11. Qd2 Nh5 12. Rfd1 Ne5 13. b3 f5 14. exf5 gxf5 15. Nd5 Bxd5 16. cxd5 f4 17. Bf2 Qe8 18. Bd3 Nxd3 19. Qxd3 Qg6 20. Qxg6 hxg6 21. Rac1 Rxc1 22. Rxc1 Bxd4 23. Bxd4 Rf5 24. d6 exd6 25. Bf2 Rd5 26. Kf1 Rd2 27. a4 Nf6 28. Rc4 Nd5 29. Rd4 Rxd4 30. Bxd4 Kf7 31. Ke2 Nb4 32. Bc3 Nc6 33. Kd3 Ke6 34. Ke4 g5 35. Bg7 Na5 36. b4 Nc6 37. b5 d5+ 38. Kd3 Nd8 39. Bh6 Kf5 40. Bf8 Ke5 41. Bg7+ Ke6 42. Kd4 Nf7 43. Bf8 Ne5 44. Ba3 Ng6 45. a5 bxa5 46. Bc5 a4 47. Bxa7 a3 48. Kc3 Kd6 49. Bd4 Nh4 50. Bf6 Nxg2 51. Kb3 d4 52. Bxd4 Ne1 53. Bb6 Nxf3 54. Kxa3 Nxh2 55. Kb4 g4 56. Ka5 g3 57. Ka6 f3 0-1

[Event "New York Hudson"]
[Site "New York"]
[Date "1993.??.??"]
[Round "9"]
[White "Yermolinsky, Alex"]
[Black "Edelman, Daniel"]
[Result "1-0"]
[WhiteElo "2615"]
[BlackElo "2400"]
[PlyCount "69"]
[EventDate "1993.??.??"]
[EventType "tourn"]
[EventRounds "9"]
[EventCountry "USA"]
[EventCategory "13"]
[SourceTitle "CBM 035"]
[Source "ChessBase"]
[SourceDate "1993.08.01"]
[SourceVersion "1"]
[SourceVersionDate "1993.08.01"]
[SourceQuality "1"]

1. d4 Nf6 2. c4 g6 3. Nc3 Bg7 4. e4 d6 5. Be2 0-0 6. Bg5 c5 7. d5 h6 8. Be3 e6 9. h3 exd5 10. exd5 Re8 11. Nf3 Bf5 12. 0-0 Ne4 13. Nxe4 Bxe4 14. Qd2 Kh7 15. Rae1 Nd7 16. b3 b5 17. Nh2 bxc4 18. Bxc4 Nb6 19. Bb5 Re7 20. Bc6 Rc8 21. Ng4 f5 22. Bxh6 fxg4 23. Bg5 gxh3 24. Rxe4 Rxe4 25. Bxd8 Rxd8 26. Qd3 hxg2 27. Qxe4 gxf1Q+ 28. Kxf1 Rf8 29. Qe7 c4 30. bxc4 Rf6 31. Qe4 Rf5 32. a4 a5 33. Bb5 Be5 34. Qe3 Nc8 35. Bd7 1-0

[Event "WchT U26 08th"]
[Site "Maringa"]
[Date "1991.09.02"]
[Round "2"]
[White "Watanabe, Roberto Tadashi"]
[Black "Edelman, Daniel"]
[Result "1/2-1/2"]
[WhiteElo "2325"]
[BlackElo "2420"]
[PlyCount "54"]
[EventDate "1991.09.01"]
[EventType "team-swiss"]
[EventRounds "9"]
[EventCountry "BRA"]
[SourceTitle "EXT 2020"]
[Source "ChessBase"]
[SourceDate "2019.10.17"]
[SourceVersion "1"]
[SourceVersionDate "2019.10.17"]
[SourceQuality "1"]
[WhiteTeam "Brazil"]
[BlackTeam "United States"]
[WhiteTeamCountry "BRA"]
[BlackTeamCountry "USA"]

1. c4 Nf6 2. Nc3 g6 3. g3 Bg7 4. Bg2 0-0 5. Nf3 d6 6. 0-0 Nc6 7. d3 Nh5 8. Rb1 f5 9. Bd2 a5 10. a3 f4 11. Nd5 e5 12. b4 axb4 13. axb4 Ne7 14. Qc2 Bg4 15. b5 Qd7 16. Bb4 Nf5 17. c5 Bxf3 18. Bxf3 Nd4 19. Qc4 Kh8 20. cxd6 fxg3 21. fxg3 Qh3 22. dxc7 Nxg3 23. Bxf8 Ngxe2+ 24. Bxe2 Nxe2+ 25. Kh1 Ng3+ 26. Kg1 Ne2+ 27. Kh1 Ng3+ 1/2-1/2

[Event "World op 19th"]
[Site "Philadelphia"]
[Date "1991.??.??"]
[Round "?"]
[White "Edelman, Daniel"]
[Black "Berube, Richard"]
[Result "1/2-1/2"]
[WhiteElo "2425"]
[BlackElo "2260"]
[PlyCount "79"]
[EventDate "1991.07.??"]
[EventType "swiss"]
[EventRounds "9"]
[EventCountry "USA"]
[SourceTitle "EXT 2003"]
[Source "ChessBase"]
[SourceDate "2002.11.25"]
[SourceVersion "1"]
[SourceVersionDate "2002.11.25"]
[SourceQuality "1"]

1. e4 c5 2. Nf3 e6 3. d4 cxd4 4. Nxd4 Nc6 5. Nc3 Qc7 6. Be2 a6 7. f4 d6 8. Be3 Nf6 9. Qd2 Be7 10. 0-0-0 0-0 11. Rhg1 Rd8 12. g4 d5 13. exd5 Nxd5 14. Nxd5 Rxd5 15. Bf3 Rd8 16. Qc3 Bd7 17. f5 Bb4 18. Qc4 b5 19. Qb3 Nxd4 20. Rxd4 Bc5 21. Rxd7 Bxe3+ 22. Qxe3 Qxd7 23. Bxa8 Rxa8 24. fxe6 Qxe6 25. Qxe6 fxe6 26. Kd2 Kf7 27. Rf1+ Ke7 28. Ke3 Rc8 29. c3 Rc5 30. Rf4 h5 31. h3 hxg4 32. hxg4 g6 33. a4 e5 34. Re4 Ke6 35. axb5 axb5 36. Kd3 Rd5+ 37. Kc2 Rc5 38. b4 Rc7 39. Re1 Ra7 40. Kb3 1/2-1/2

[Event "World op 19th"]
[Site "Philadelphia"]
[Date "1991.??.??"]
[Round "6"]
[White "Edelman, Daniel"]
[Black "Buckley, Graeme N"]
[Result "1-0"]
[WhiteElo "2420"]
[BlackElo "2285"]
[PlyCount "65"]
[EventDate "1991.07.??"]
[EventType "swiss"]
[EventRounds "9"]
[EventCountry "USA"]
[SourceTitle "EXT 2000"]
[Source "ChessBase"]
[SourceDate "1999.11.16"]
[SourceVersion "1"]
[SourceVersionDate "1999.11.16"]
[SourceQuality "1"]

1. e4 c5 2. Nf3 d6 3. d4 cxd4 4. Nxd4 Nf6 5. Nc3 e6 6. f4 Be7 7. Be3 0-0 8. Qf3 e5 9. Nf5 Bxf5 10. exf5 Nbd7 11. 0-0-0 Rc8 12. Bd2 Nc5 13. g4 e4 14. Qe2 Qc7 15. Kb1 Na4 16. Be1 Nxc3+ 17. Bxc3 Qc6 18. Bg2 Rfe8 19. Bd4 d5 20. g5 Nh5 21. Rhf1 Bd6 22. Be3 Qc7 23. Qxh5 Qxc2+ 24. Ka1 d4 25. g6 fxg6 26. fxg6 hxg6 27. Qd5+ Kh7 28. Bxd4 Qxg2 29. Qxd6 e3 30. Qd7 Rg8 31. Bxe3 Rgd8 32. Qa4 Qe2 33. Rde1 1-0

[Event "US Open-91"]
[Site "Jacksonville"]
[Date "1990.??.??"]
[Round "?"]
[White "Dzindzichashvili, Roman"]
[Black "Edelman, Daniel"]
[Result "1/2-1/2"]
[WhiteElo "2545"]
[BlackElo "2360"]
[PlyCount "195"]
[EventDate "1990.08.05"]
[EventType "swiss"]
[EventRounds "12"]
[EventCountry "USA"]
[SourceTitle "EXT 2000"]
[Source "ChessBase"]
[SourceDate "1999.11.16"]
[SourceVersion "1"]
[SourceVersionDate "1999.11.16"]
[SourceQuality "1"]

1. d4 Nf6 2. c4 g6 3. Nc3 Bg7 4. e4 d6 5. Nf3 0-0 6. h3 e5 7. d5 a5 8. Be3 Na6 9. Nd2 Kh8 10. Be2 Ng8 11. Nb3 b6 12. h4 Bh6 13. Bxh6 Nxh6 14. h5 g5 15. g4 Bd7 16. Nd2 Nc5 17. Nf1 Qe7 18. Ne3 Rfb8 19. f3 f6 20. Kf2 Qe8 21. b3 Ra7 22. Qc2 Rba8 23. Qb2 Ng8 24. a3 a4 25. b4 Nb3 26. Rab1 Ne7 27. Rhd1 Rb7 28. Nb5 Nc8 29. Nc3 Rab8 30. Na2 Kg8 31. Bf1 Kf7 32. Nc1 Nd4 33. Ne2 Nb3 34. Kg2 Ne7 35. Nc1 Nd4 36. Rxd4 exd4 37. Qxd4 c5 38. Qd3 Ng8 39. b5 Kg7 40. Qc2 Nh6 41. Nd3 Nf7 42. Qxa4 Ra8 43. Qb3 Rba7 44. Ra1 Ne5 45. Nf2 Ra4 46. Ned1 Nf7 47. Nb2 R4a5 48. a4 Qe5 49. Rd1 R5a7 50. Bd3 Qe8 51. Bc2 Ne5 52. Nh1 Qc8 53. Ng3 Qe8 54. Ra1 Ra5 55. Nd1 Nf7 56. Ne3 Qe5 57. Qa3 Nh6 58. Re1 Re8 59. Re2 Qd4 60. Qc1 Raa8 61. Qe1 Kg8 62. Nh1 Nf7 63. Nf2 Ne5 64. Bb3 Nd3 65. Nxd3 Qxd3 66. Qd1 Qc3 67. Qc2 Qe5 68. Qb2 h6 69. Nd1 f5 70. gxf5 Bxf5 71. Qxe5 Rxe5 72. Nf2 Re7 73. Kg3 Bd7 74. Nd3 Kg7 75. Ra2 Kf6 76. Bd1 Be8 77. e5+ dxe5 78. a5 Bxh5 79. a6 e4 80. Nxc5 bxc5 81. b6 Bxf3 82. b7 Rxb7 83. axb7 Rb8 84. Ra6+ Ke5 85. Bxf3 exf3 86. Re6+ Kd4 87. Re7 g4 88. Kf2 Rf8 89. Rg7 Kxc4 90. d6 Kd5 91. d7 Kd6 92. Rf7 Rd8 93. Kg3 h5 94. Rh7 Kc7 95. Rxh5 Kxb7 96. Rxc5 Rxd7 97. Kxg4 Rf7 98. Rc1 1/2-1/2